Brand Name Etymology Quiz Stats

Quiz Updated Jun 14, 2013

Challenge
Share
Tweet
Embed
Score 0/32 Timer 08:00
3 Plays Today
% Correct
Kodak
92.6%
Yoplait
92.4%
Walmart
92%
L'Oreal
91.1%
Pepsi
90.2%
IKEA
90%
Sony
89.6%
Amazon
88.7%
Häagen-Dazs
87.8%
Fiat
87.6%
Volkswagen
86.5%
Ferodo
84%
Lego
83.7%
Amstrad
83.1%
Starbucks
82.2%
Cisco
81.7%
% Correct
AltaVista
81.3%
Nissan
72.5%
Saab
71.1%
Umbro
70.3%
Nike
68.9%
Casio
64.6%
Subaru
63.4%
Aldi
63.3%
Mercedes
62.1%
Haribo
59.6%
Carrefour
55.9%
Epson
52.2%
Adidas
49.3%
Volvo
40.1%
Audi
35.1%
Lada
34.9%

You're not logged in!

Compare scores with friends on all Sporcle quizzes.
Sign Up with Email
OR
Log In

You Might Also Like...

Show Comments

Extras

Top Quizzes Today


Score Distribution

Your Account Isn't Verified!

In order to create a playlist on Sporcle, you need to verify the email address you used during registration. Go to your Sporcle Settings to finish the process.